Speeches incident to the visit of Secretary Root to South America. July 4 to septembre 30, 1906

I tiakina i:
Ngā taipitopito rārangi puna kōrero
Hōputu: Pukapuka
Reo:Ingarihi
I whakaputaina: Washington, D.C Government Printing Office 1906
Ngā marau:
Ngā Tūtohu: Tāpirihia he Tūtohu
Kāore He Tūtohu, Me noho koe te mea tuatahi ki te tūtohu i tēnei pūkete!

MARC

LEADER 00000nam a2200000 a 4500
001 UCI5103
003 CL-VaPUC
008 080314e19060000us |||||||||||||||||eng|d
082 0 4 |a 327.81  |b SPE  |2 21 
245 1 0 |a Speeches incident to the visit of Secretary Root to South America. July 4 to septembre 30, 1906 
300 |a 300 p 
942 |c BK 
945 |d 20080314 00:00:00  |a rbrito 
260 |a Washington, D.C  |b Government Printing Office  |c 1906 
500 |a Donación Padres Capuchinos 
600 0 7 |a ROOT, ELIHU  |2 CL-VaPUC  |9 329700 
650 0 |a Relaciones Internacionales  |9 255740 
650 0 |a Diplomacia  |9 256483 
651 0 |a Estados Unidos  |9 255178 
651 0 |a Brasil  |9 267393 
651 0 |a Sudamérica   |9 349320 
583 |a last modification  |c 20171017 11:23:13  |k Rodrigo Vera 
999 |c 328866  |d 328864 
952 |0 0  |1 0  |4 0  |6 327_810000000000000_SPE_1906  |7 0  |8 X  |9 413047  |a FDOBUD  |b FDOBUD  |d 2019-11-22  |i 4410912  |o 327.81 SPE 1906  |p 4410912  |r 2019-11-22  |w 2019-11-22  |y BK_X  |k BUD